Регионална библиотека "Любен Каравелов" - Русе

Литературни анализи за VІІІ клас (Запис номер 87187)

MARC детайли
000 -Лидер
Контролно поле с фиксирана дължина 01615nam a2200361 c 4500
003 - Код на организацията, давaща контролен номер
Контролно поле BLK
005 - Дата и час на последна редакция
Контролно поле 20230407030358.0
008 - Елементи от данни с фиксирана дължина
fixed length control field 180408b bul|||||r ||||||| ||bul||
010 ## - Наследен системен номер
LC control number KNG00091817000
020 ## - Международен стандартен номер на книга ISBN
Международен стандартен номер на книга ISBN 978-954-9660-48-7
-- издат.: АРИАДНА
040 ## - Източник на каталожния запис
Идентификатор на билиотеката - собственик на записа BLK
041 ## - Код за език
Код за езика на текст/звукозапис или на отделно заглавие Български
Код за езика КДБФ Български
080 ## - УДК
Текстов определител УДК Българска литература в основното училище. Методика на обучението
УДК код - определител по УДК 373.3.016:821.163.2
УДК определител (075.2)(076)
УДК - код + определител 373.3.016:821.163.2(075.2)(076)
100 1# - Редна дума - Автор
Автор Кацарска, Красимира Щерева
Авторска отговорност първи автор
Автор - информация (биография) Кацарска-Тасева, Красимира Щерева
R(LIN) 370511
139 ## - Редно поле
Редна дума Кацарска, Красимира Щерева
Авторски знак Кац - К 48
245 10 - Сведения за заглавието
Заглавие Литературни анализи за VІІІ клас
Редно поле (дума) Красимира Щерева Кацарска.
257 ## - Страна на издаване
Страна на създаване/издаване България
260 ## - Област на издателските данни
-- София
Име на издателя, разпространителя и проч. АРИАДНА
Година на издаване 2009
300 ## - Физическа характеристика
Страници 328 с.
Размери/Мащаб 20 см
380 ## - Жанр
Жанр Обществени науки
500 ## - Общи забележки
Забележка Офс. изд. - Съдържа и за авт. - Понятиен апарат.
650 #4 - Допълнително описание по предмет – тема
Основно описание – тема или топоним Българска литература - учебници за основни училища
9 (RLIN) 250869
653 ## - Ключова дума – ненормативна
Ключова дума българска литература
653 ## - Ключова дума – ненормативна
Ключова дума литературни анализи
653 ## - Ключова дума – ненормативна
Ключова дума VІІІ кл.
653 ## - Ключова дума – ненормативна
Ключова дума учебници за основни училища
653 ## - Ключова дума – ненормативна
Ключова дума учебни помагала
852 ## - Местоположение
Форматна сигнатура Цб 245558
856 4# - Електронен адрес и достъп
Електронен формат pdf - файл
Път до файла /url/
856 4# - Електронен адрес и достъп
Електронен формат pdf - файл
Път до файла /url/
942 ## - АРТИКУЛИ
Вид на библиотечния материал Книги
Скрит в OPAC Не
944 ## - СЪЗДАВАНЕ И РЕДАКЦИЯ на ЗАПИСА
Създаване/Редакция Създаване
Дата на регистрацията/редакция 05.10.2009
Статус, дата на статуса ф /
Служител, извършил регистрацията/редакцията Людмила_Стоянова
944 ## - СЪЗДАВАНЕ И РЕДАКЦИЯ на ЗАПИСА
Създаване/Редакция Редакция
Дата на регистрацията/редакция 07.10.2009
Статус, дата на статуса ф /
Служител, извършил регистрацията/редакцията
999 ## - СИСТЕМНИ КОНТРОЛНИ НОМЕРА
Koha biblionumber 87187
Koha biblioitemnumber 87187
Наличности
Код за отписване Код за изгубен артикул Източник на класификационната схема Код за повреда Коз за рестрикции Код за отдаване Артикулен № Име на библиотеката - собственик Име на библиотеката, в която се намира в момента Статус (Текущо местоположение) Дата на вписване в системата Местоположение - отдел Цена в лева Инвентарен номер Систематично азбучна сигнатура Баркод Номер на екземпляра Цена в евро Служебна бележка Служебен тип на артикула
  Не е изгубен Universal Decimal Classification Не е повреден без рестрикции заемане за дома 141294 Регионална библиотека "Любен Каравелов" Русе Регионална библиотека "Любен Каравелов" Русе Заемна - подръчен фонд 2009-10-05 Заемна - подръчен фонд 14.80 120000738815 373.3.016:821/К 48 К 120000738815 1 7.57 Дост: Pk Вид: Ф N: 21686 Дата: 01.10.2009 Дата инв: 07.02.2018 Бележки инв: П2018 Книги
  Не е изгубен Universal Decimal Classification Не е повреден без рестрикции ползва се в читалня 141295 Регионална библиотека "Любен Каравелов" Русе Регионална библиотека "Любен Каравелов" Русе Читалня 2009-10-05 Читалня 14.80 120000738816 Ч 373.2+373.3/К 48 120000738816 2 7.57 Дост: Pk Вид: Ф N: 21686 Дата: 01.10.2009 Дата инв: 29.03.2017 Бележки инв: Ч2017 Книги
Vip Innovations Ltd, Rousse, Bulgaria 2025